Národní rada pro statistické informace - její postavení a funkce ve statistické službě Francie
Národná rada pre štatistické informácie vo Francúzsku (CNIS), jej poslanie, legislatíva a organizácia. História vývoja organizácie. Etapy ročného štatistického programu. Zostavovanie poradia jednaní pre programové zhromaždenia útvarov. Rozširovanie štatistických informácií CNIS.
Salvato in:
| Autore principale: | |
|---|---|
| Altri autori: | |
| Natura: | Capitolo di libro |
| Lingua: | ceco |
| Soggetti: | |
| Tags: |
Nessun Tag, puoi essere il primo ad aggiungerne!!
|
MARC
| LEADER | 00000naa a2200000 4500 | ||
|---|---|---|---|
| 001 | r023096 | ||
| 005 | 20230925105802.9 | ||
| 041 | 0 | |a cze | |
| 044 | |a CZ | ||
| 245 | 1 | 0 | |a Národní rada pro statistické informace - její postavení a funkce ve statistické službě Francie |c H. Šlégrová, S. Drápal |
| 520 | |a Národná rada pre štatistické informácie vo Francúzsku (CNIS), jej poslanie, legislatíva a organizácia. História vývoja organizácie. Etapy ročného štatistického programu. Zostavovanie poradia jednaní pre programové zhromaždenia útvarov. Rozširovanie štatistických informácií CNIS. | ||
| 610 | 2 | 0 | |a informácie štatistické |
| 610 | 2 | 0 | |a CNIS |
| 610 | 2 | 0 | |a Francúzsko |
| 610 | 2 | 0 | |a štatistika |
| 610 | 2 | 0 | |a legislatíva |
| 100 | 1 | |a Šlégrová, Hana | |
| 700 | 1 | |a Drápal, S. | |